Caracas, Londres, Santiago de Chile : Las Tres etapas de la vida de Bello
Αποθηκεύτηκε σε:
| Κύριος συγγραφέας: | |
|---|---|
| Μορφή: | Βιβλίο |
| Γλώσσα: | Undetermined |
| Έκδοση: |
Caracas, Venezuela
La casa de Bello
1981
|
| Θέματα: | |
| Ετικέτες: |
Προσθήκη ετικέτας
Δεν υπάρχουν, Καταχωρήστε ετικέτα πρώτοι!
|
MARC
| LEADER | 00000nam a2200000Ia 4500 | ||
|---|---|---|---|
| 008 | 170316s9999 xx 000 0 und d | ||
| 090 | |a 801 C-2c | ||
| 100 | |a Caldera, Rafael | ||
| 245 | |a Caracas, Londres, Santiago de Chile : Las Tres etapas de la vida de Bello | ||
| 260 | |a Caracas, Venezuela | ||
| 260 | |b La casa de Bello | ||
| 260 | |c 1981 | ||
| 300 | |a 28 páginas | ||
| 650 | |a TEORÍA LITERARIA | ||
| 650 | |a BELLO ANDRES | ||
| 650 | |a CRÍTICA | ||
| 650 | |a INTERPRETACIÓN | ||
| 999 | |c 20186 |d 20186 | ||
| 040 | |a cru BVZT | ||
| 942 | |c 15 D |h 801 C-2c |2 z | ||
